000 00580nam a2200205Ia 4500
005 20250508163741.0
008 008 250505s9999 xx 000 0 eng d
020 _a0 7100 8735 7
037 _aReference
040 _aFEDL
_beng
_cFEDL
041 _aeng
_2eng
084 _a370.115, COL/RR
_qFEDL
100 _aCollins Michael
245 0 _aCritical crosscurrents in education
260 _aMalabar, India
_bKrieger Publishing Company
_c1998
300 _axi,201p.
365 _aGBP
_b20.95
942 _cREF
_h370.115, COL/RR
999 _c1385066
_d1385066